000 00424nam a2200181Ia 4500
001 1193
005 20260306140614.0
008 260306t1976||||xx |||||||||||||| ||spa||
041 _aESP
082 _a189
_bC25A
100 _aVidal, F. Canals
_eAUT
245 0 _aHistoria de la filosofía medieval
260 _c1976
300 _a337 páginas :
_c22 cm.
650 _aGEN
654 _aCHU
942 _cLIB
_dJUS
_fJUS
_2ddc
_n
999 _c1193
_d1193